<?xml version="1.0" encoding="UTF-8"?>
<collection xmlns="http://www.loc.gov/MARC21/slim">
<record>
  <controlfield tag="001">1005932</controlfield>
  <controlfield tag="005">20250308042155.0</controlfield>
  <datafield tag="024" ind1="7" ind2=" ">
    <subfield code="2">I:(DE-82)080006_20140620</subfield>
    <subfield code="a">G:(DE-82)EXS-SF-SFBLE005</subfield>
    <subfield code="d">G:(DE-82)EXS-SF</subfield>
  </datafield>
  <datafield tag="035" ind1=" " ind2=" ">
    <subfield code="a">G:(DE-82)EXS-SF-SFBLE005</subfield>
  </datafield>
  <datafield tag="150" ind1=" " ind2=" ">
    <subfield code="a">RePass - Vorstudie zur Optimierung der Rezyklierbarkeit von Betonbauteilen durch Informationsmanagement mittels Produktdatenpässen und psychologische Experimente zur Akzeptanzbewertung</subfield>
    <subfield code="y">2024-04-01 -2025-12-31</subfield>
  </datafield>
  <datafield tag="450" ind1=" " ind2=" ">
    <subfield code="a">SFBLE005</subfield>
    <subfield code="w">d</subfield>
  </datafield>
  <datafield tag="510" ind1="1" ind2=" ">
    <subfield code="0">I:(DE-82)080006_20140620</subfield>
    <subfield code="a">Exploratory Research Space der RWTH Aachen</subfield>
    <subfield code="b">ERS</subfield>
  </datafield>
  <datafield tag="550" ind1=" " ind2=" ">
    <subfield code="a">Exploratory Research Space: Seed Fund (2) als Anschubfinanzierung zur Erforschung neuer interdisziplinärer Ideen</subfield>
    <subfield code="0">G:(DE-82)EXS-SF</subfield>
    <subfield code="w">t</subfield>
  </datafield>
  <datafield tag="909" ind1="C" ind2="O">
    <subfield code="o">oai:juser.fz-juelich.de:1040415</subfield>
    <subfield code="p">authority:GRANT</subfield>
    <subfield code="p">authority</subfield>
  </datafield>
  <datafield tag="980" ind1=" " ind2=" ">
    <subfield code="a">G</subfield>
  </datafield>
  <datafield tag="980" ind1=" " ind2=" ">
    <subfield code="a">AUTHORITY</subfield>
  </datafield>
  <datafield tag="909" ind1="C" ind2="O">
    <subfield code="o">oai:juser.fz-juelich.de:1040415</subfield>
  </datafield>
</record>
</collection>